000
00326 a2200133 4500
001
65470
040
_c
Anchieta - Pituba
100
_a
Valdir
240
1
0
_a
1ª Avaliação de Inglês, 1º série
_l
por
245
1
0
_a
1ª Avaliação de Inglês, 1º série
362
0
_a
2018
650
4
_a
Inglês e inglês antigo
942
_c
BK
999
_c
65470
_d
65470